Statistics for World Cheese Quiz

Click here to take the quiz!

General Stats

  • This quiz has been taken 33 times
  • The average score is 11 of 14

Answer Stats

CheeseAnswer% Correct
BrieFrance
97%
WensleydaleUK
97%
SakuraJapan
94%
AsaderoMexico
94%
GoudaNetherlands
90%
Red HawkUSA
90%
SbrinzSwitzerland
87%
HerveBelgium
81%
MondseerAustria
77%
OkaCanada
74%
GamalostNorway
71%
OrdaHungary
52%
Queso PaipaColombia
48%
DomiataiEgypt
29%

Score Distribution

Percentile by Number Answered

Percent of People with Each Score

Your Score History

You have not taken this quiz